| 000 | 00822nam a2200217Ia 4500 | ||
|---|---|---|---|
| 999 |
_c5293 _d5293 |
||
| 003 | OSt | ||
| 005 | 20200516010856.0 | ||
| 008 | 191128s1987 ck a fr 000 0 spa d | ||
| 040 |
_aCO-JMCR _cCO-JMCR |
||
| 041 | 0 | _aspa | |
| 082 | 0 | 4 |
_a330 / _bC346t _223 |
| 100 | 1 |
_aCastaño Orozco, Gildardo, _eautor _94480 |
|
| 245 | 1 | 0 |
_aTeoría económica general : _bmódulo autoformativo / _cGildardo Castaño Orozco |
| 260 |
_aBogotá : _bEsap, _c1987 |
||
| 300 |
_a194 páginas : _bilustraciones a blanco y negro ; _c23 cm. |
||
| 490 | 0 | _aMódulo autoformativos para educación a distancia | |
| 505 | 0 | _aConceptos básicos -- Teoría macroeconómica -- Elementos de análisis macroeconómico -- Teoría monetaria y comercio exterior | |
| 650 | 1 | 4 |
_aTeoría económica _91066 |
| 650 | 1 | 4 |
_aMacroeconomía _9946 |
| 942 |
_2ddc _cBK |
||